MARC details
| 000 -LEADER |
| fixed length control field |
03757cam a22008295i 4500 |
| 005 - DATE AND TIME OF LATEST TRANSACTION |
| control field |
20231214103854.0 |
| 020 ## - INTERNATIONAL STANDARD BOOK NUMBER |
| International Standard Book Number |
9780061962790 |
| Qualifying information |
(paperback) |
| 020 ## - INTERNATIONAL STANDARD BOOK NUMBER |
| International Standard Book Number |
9780545447850 |
| Qualifying information |
(paperback) |
| 020 ## - INTERNATIONAL STANDARD BOOK NUMBER |
| International Standard Book Number |
0061962791 |
| Qualifying information |
(paperback) |
| 020 ## - INTERNATIONAL STANDARD BOOK NUMBER |
| International Standard Book Number |
9780545508971 |
| 020 ## - INTERNATIONAL STANDARD BOOK NUMBER |
| International Standard Book Number |
9780606271264 |
| 020 ## - INTERNATIONAL STANDARD BOOK NUMBER |
| International Standard Book Number |
0606271260 |
| 040 ## - CATALOGING SOURCE |
| Original cataloging agency |
NYP |
| Language of cataloging |
eng |
| Transcribing agency |
NYP |
| Description conventions |
rda |
| Modifying agency |
NYP |
| -- |
YDXCP |
| -- |
BDX |
| -- |
OCLCQ |
| -- |
T7A |
| -- |
OCLCA |
| -- |
YYK |
| -- |
CZL |
| -- |
WAU |
| -- |
FLWMD |
| -- |
OCLCA |
| -- |
DEBSZ |
| -- |
OCLCQ |
| -- |
OCLCO |
| -- |
CTB |
| -- |
MCR |
| -- |
P@N |
| -- |
CHILD |
| -- |
VBO |
| -- |
WLM |
| -- |
OCLCF |
| -- |
OCLCA |
| -- |
IGA |
| -- |
CNGUL |
| -- |
OCLCA |
| -- |
BDGCL |
| -- |
OCLCQ |
| -- |
OCLCO |
| -- |
CSE |
| -- |
OCLCO |
| -- |
FDU |
| -- |
OCLCO |
| -- |
I7Z |
| -- |
LD4 |
| -- |
OCLCQ |
| -- |
OCLCO |
| -- |
UAH |
| -- |
OCLCO |
| -- |
GRACO |
| -- |
OCLCO |
| -- |
EBC |
| -- |
OCLCO |
| -- |
TNW |
| -- |
OCLCO |
| -- |
LAMIS |
| -- |
OCLCO |
| -- |
TTU |
| -- |
DLC |
| -- |
FISKH |
| 050 ## - LIBRARY OF CONGRESS CALL NUMBER |
| Classification number |
PZ7.L35 |
| 082 04 - DEWEY DECIMAL CLASSIFICATION NUMBER |
| Classification number |
811.6 |
| Edition number |
23 |
| 100 1# - MAIN ENTRY--PERSONAL NAME |
| Personal name |
Lai, Thanhha, |
| Relator term |
author. |
| 245 10 - TITLE STATEMENT |
| Title |
Inside out & back again / |
| Statement of responsibility, etc. |
Thanhha Lai. |
| 246 3# - VARYING FORM OF TITLE |
| Title proper/short title |
Inside out and back again |
| 250 ## - EDITION STATEMENT |
| Edition statement |
First Scholasticedition. |
| 260 ## - PUBLICATION, DISTRIBUTION, ETC. |
| Place of publication, distribution, etc. |
New York. |
| Name of publisher, distributor, etc. |
Scholastic. |
| Date of publication, distribution, etc. |
2012. |
| 300 ## - PHYSICAL DESCRIPTION |
| Extent |
262 pages : |
| Dimensions |
20 cm. |
| 490 1# - SERIES STATEMENT |
| Series statement |
Instant book club |
| 500 ## - GENERAL NOTE |
| General note |
Extras inside (10 pages). |
| 505 0# - FORMATTED CONTENTS NOTE |
| Formatted contents note |
M |
| 505 0# - FORMATTED CONTENTS NOTE |
| Formatted contents note |
Inside out & back again -- Back again : an interview with Thanhha Lai -- Telling your story : an activity for you and your family -- Writing poetry : tips from Thanhha Lai -- Discussion questions. |
| 520 ## - SUMMARY, ETC. |
| Summary, etc. |
Through a series of poems, a young girl chronicles the life-changing year of 1975, when she, her mother, and her brothers leave Vietnam and resettle in Alabama. |
| 521 8# - TARGET AUDIENCE NOTE |
| Target audience note |
800 |
| Source |
Lexile. |
| 521 1# - TARGET AUDIENCE NOTE |
| Target audience note |
M <br/> |
| Source |
Raz-Plus |
| 650 #0 - SUBJECT ADDED ENTRY--TOPICAL TERM |
| Topical term or geographic name entry element |
Vietnamese Americans |
| Form subdivision |
Juvenile fiction. |
| 650 #0 - SUBJECT ADDED ENTRY--TOPICAL TERM |
| Topical term or geographic name entry element |
Emigration and immigration |
| Form subdivision |
Juvenile fiction. |
| 650 #0 - SUBJECT ADDED ENTRY--TOPICAL TERM |
| Topical term or geographic name entry element |
Immigrants |
| Form subdivision |
Juvenile fiction. |
| 650 #1 - SUBJECT ADDED ENTRY--TOPICAL TERM |
| Topical term or geographic name entry element |
Novels in verse. |
| 650 #1 - SUBJECT ADDED ENTRY--TOPICAL TERM |
| Topical term or geographic name entry element |
Vietnamese Americans |
| Form subdivision |
Fiction. |
| 650 #1 - SUBJECT ADDED ENTRY--TOPICAL TERM |
| Topical term or geographic name entry element |
Emigration and immigration |
| Form subdivision |
Fiction. |
| 650 #1 - SUBJECT ADDED ENTRY--TOPICAL TERM |
| Topical term or geographic name entry element |
Immigrants |
| Form subdivision |
Fiction. |
| 650 #6 - SUBJECT ADDED ENTRY--TOPICAL TERM |
| Topical term or geographic name entry element |
Américains d'origine vietnamienne |
| Form subdivision |
Romans, nouvelles, etc. pour la jeunesse. |
| 650 #6 - SUBJECT ADDED ENTRY--TOPICAL TERM |
| Topical term or geographic name entry element |
Émigration et immigration |
| Form subdivision |
Romans, nouvelles, etc. pour la jeunesse. |
| 650 #7 - SUBJECT ADDED ENTRY--TOPICAL TERM |
| Topical term or geographic name entry element |
JUVENILE FICTION |
| General subdivision |
People & Places |
| Geographic subdivision |
United States |
| General subdivision |
Asian American. |
| Source of heading or term |
bisacsh |
| 650 #7 - SUBJECT ADDED ENTRY--TOPICAL TERM |
| Topical term or geographic name entry element |
JUVENILE FICTION |
| General subdivision |
Social Themes |
| -- |
Emigration & Immigration. |
| Source of heading or term |
bisacsh |
| 650 #7 - SUBJECT ADDED ENTRY--TOPICAL TERM |
| Topical term or geographic name entry element |
JUVENILE FICTION |
| General subdivision |
Stories in Verse. |
| Source of heading or term |
bisacsh |
| 650 #7 - SUBJECT ADDED ENTRY--TOPICAL TERM |
| Topical term or geographic name entry element |
Vietnamese Americans |
| Form subdivision |
Juvenile fiction. |
| Source of heading or term |
cct |
| 650 #7 - SUBJECT ADDED ENTRY--TOPICAL TERM |
| Topical term or geographic name entry element |
Emigration and immigration |
| Form subdivision |
Juvenile fiction. |
| Source of heading or term |
cct |
| 650 #7 - SUBJECT ADDED ENTRY--TOPICAL TERM |
| Topical term or geographic name entry element |
Immigrants |
| Form subdivision |
Juvenile fiction. |
| Source of heading or term |
cct |
| 650 #7 - SUBJECT ADDED ENTRY--TOPICAL TERM |
| Topical term or geographic name entry element |
Emigration and immigration. |
| Source of heading or term |
fast |
| Authority record control number or standard number |
(OCoLC)fst00908690 |
| 650 #7 - SUBJECT ADDED ENTRY--TOPICAL TERM |
| Topical term or geographic name entry element |
Immigrants. |
| Source of heading or term |
fast |
| Authority record control number or standard number |
(OCoLC)fst00967712 |
| 650 #7 - SUBJECT ADDED ENTRY--TOPICAL TERM |
| Topical term or geographic name entry element |
Vietnamese Americans. |
| Source of heading or term |
fast |
| Authority record control number or standard number |
(OCoLC)fst01166663 |
| 650 #7 - SUBJECT ADDED ENTRY--TOPICAL TERM |
| Topical term or geographic name entry element |
Immigration and emigration |
| Form subdivision |
Fiction. |
| Source of heading or term |
sears |
| 650 #7 - SUBJECT ADDED ENTRY--TOPICAL TERM |
| Topical term or geographic name entry element |
Immigrants |
| Form subdivision |
Fiction. |
| Source of heading or term |
sears |
| 650 #7 - SUBJECT ADDED ENTRY--TOPICAL TERM |
| Topical term or geographic name entry element |
Vietnamese Americans |
| Form subdivision |
Fiction. |
| Source of heading or term |
sears |
| 655 #0 - INDEX TERM--GENRE/FORM |
| Genre/form data or focus term |
Historical fiction. |
| 655 #4 - INDEX TERM--GENRE/FORM |
| Genre/form data or focus term |
Novels in verse |
| Form subdivision |
Juvenile. |
| 655 #4 - INDEX TERM--GENRE/FORM |
| Genre/form data or focus term |
Biographical fiction |
| Form subdivision |
Juvenile. |
| 655 #4 - INDEX TERM--GENRE/FORM |
| Genre/form data or focus term |
Historical fiction |
| Form subdivision |
Juvenile. |
| 655 #4 - INDEX TERM--GENRE/FORM |
| Genre/form data or focus term |
Historical fiction. |
| 655 #4 - INDEX TERM--GENRE/FORM |
| Genre/form data or focus term |
Biographical fiction. |
| 655 #7 - INDEX TERM--GENRE/FORM |
| Genre/form data or focus term |
Biographical fiction. |
| Source of term |
fast |
| Authority record control number or standard number |
(OCoLC)fst01726537 |
| 655 #7 - INDEX TERM--GENRE/FORM |
| Genre/form data or focus term |
Fiction. |
| Source of term |
fast |
| Authority record control number or standard number |
(OCoLC)fst01423787 |
| 655 #7 - INDEX TERM--GENRE/FORM |
| Genre/form data or focus term |
Historical fiction. |
| Source of term |
fast |
| Authority record control number or standard number |
(OCoLC)fst01726640 |
| 655 #7 - INDEX TERM--GENRE/FORM |
| Genre/form data or focus term |
History. |
| Source of term |
fast |
| Authority record control number or standard number |
(OCoLC)fst01411628 |
| 655 #7 - INDEX TERM--GENRE/FORM |
| Genre/form data or focus term |
Interviews. |
| Source of term |
fast |
| Authority record control number or standard number |
(OCoLC)fst01423832 |
| 655 #7 - INDEX TERM--GENRE/FORM |
| Genre/form data or focus term |
Juvenile works. |
| Source of term |
fast |
| Authority record control number or standard number |
(OCoLC)fst01411637 |
| 655 #7 - INDEX TERM--GENRE/FORM |
| Genre/form data or focus term |
Novels in verse. |
| Source of term |
fast |
| Authority record control number or standard number |
(OCoLC)fst01921724 |
| 655 #7 - INDEX TERM--GENRE/FORM |
| Genre/form data or focus term |
Biographical fiction. |
| Source of term |
gsafd |
| 655 #7 - INDEX TERM--GENRE/FORM |
| Genre/form data or focus term |
Historical fiction. |
| Source of term |
gsafd |
| 655 #7 - INDEX TERM--GENRE/FORM |
| Genre/form data or focus term |
Historical fiction. |
| Source of term |
lcgft |
| 655 #7 - INDEX TERM--GENRE/FORM |
| Genre/form data or focus term |
Novels in verse. |
| Source of term |
lcgft |
| 655 #7 - INDEX TERM--GENRE/FORM |
| Genre/form data or focus term |
Romans en vers. |
| Source of term |
rvmgf |
| 655 #7 - INDEX TERM--GENRE/FORM |
| Genre/form data or focus term |
Novels in verse. |
| Source of term |
sears |
| 906 ## - LOCAL DATA ELEMENT F, LDF (RLIN) |
| a |
0 |
| b |
ibc |
| c |
copycat |
| d |
2 |
| e |
ncip |
| f |
20 |
| g |
y-gencatlg |
| 942 ## - ADDED ENTRY ELEMENTS (KOHA) |
| Source of classification or shelving scheme |
Dewey Decimal Classification |
| Koha item type |
Books |
| Suppress in OPAC |
No |
| 999 ## - |
| -- |
498 |
| -- |
498 |